00625nam a22002057a 450000500170000001000130001702000220003003500130005203700160006504000120008108200210009310000220011424500530013626000370018927000510022630000330027750000610031065000110037165000370038220170124110223.0 aA-459244 c00.00a8185067635 aA-459244 bCen Lib/Ret aDPLbEN a792.8095431bBHA aBhagyalekshmy, S. aMusic and bharathanatyam /cby S. bhagyalekshmy  aDelhi bSundeep Prakashan c1991 bDelhi e110005a6191/1, dev nagar, karol bagh  aviii, 127p.:c23cm(Hb)bill. aIncludes appendix, bibliographical references and index  aMusic  aBharathanatyamxClassical dance